El nuevo movimiento por qué estamos peleando / Alexander Cockburn, Jeffrey St. Clair

Αποθηκεύτηκε σε:
Λεπτομέρειες βιβλιογραφικής εγγραφής
Κύριος συγγραφέας: Cockburn, Alexander
Άλλοι συγγραφείς: St. Clair, Jeffrey
Μορφή: Βιβλίο
Γλώσσα:Spanish
Ετικέτες: Προσθήκη ετικέτας
Δεν υπάρχουν, Καταχωρήστε ετικέτα πρώτοι!

MARC

LEADER 00000nam a22000007a 4500
003 cru CRAI/IIS
005 20200213142058.0
008 200213s2001 ag |||||r|||||||| ||spa|d
999 |c 42947  |d 42947 
040 |c cru CRAI/IIS 
100 1 |9 9079  |a Cockburn, Alexander 
245 1 3 |a El nuevo movimiento por qué estamos peleando /  |b Alexander Cockburn, Jeffrey St. Clair 
300 |a  páginas 141-152 
700 1 |9 9080  |a St. Clair, Jeffrey 
773 0 |0 42841  |9 4302  |d Buenos Aires, Argentina: CLACSO, 2001  |o 18809  |t Resistencias mundiales:  |z 9509231606 
942 |2 ddc  |c LI